000 00865cab a2200265 4500
001 ABS49964
008 090401t1993 xxu||||| |||| 00| 0 eng d
035 _a(Sirsi) u73488
041 _aeng
100 _aHall, S.
245 3 _aAn environmental code of practice for building services
260 _c1993
350 _a0
490 _aProperty Management
_v11(4) Autumn 1993, 293-300(8)
520 _aDescribes the BSRIA Environment Code of Practice and its` aim to reduce the environmental impact of buildings at all stages of the lifecyle.
650 _aBUILDING PROCESS
650 _aBlock management
_96220
650 _aENVIRONMENTAL CODE OF PRACTICE
650 _aENVIRONMENTAL ISSUES
650 _aENVIRONMENTAL MANAGEMENT
650 _aGREEN BUILDINGS
690 _aENVIRONMENTAL AND LAND CONSULTANCY
942 _n0
948 _c04/03/1997
999 _c46447
_d46447